[Event "ICS rated bullet match"]
[Site "207.99.83.227"]
[Date "1999.03.28"]
[Round "?"]
[White "Hossa"]
[Black "rajah"]
[Result "1-0"]
[WhiteElo "2418"]
[BlackElo "2445"]
[PlyCount "55"]

1. e4 Nf6 2. e5 Nd5 3. Nc3 e6 4. Nxd5 exd5 5. Qf3 c6 6. Qg3 g6 7. Nf3 Bg7 8. d4
O-O 9. Be3 Na6 10. Bxa6 Qa5+ 11. Kd1 Qxa6 12. Kc1 b6 13. h4 Bb7 14. h5 Rad8 15.
Qh4 Rfe8 16. hxg6 fxg6 17. Qxh7+ Kf7 18. Ng5+ Kf8 19. Qxg6 Qf1+ 20. Rxf1 Re7
21. Nh7+ Kg8 22. Bg5 Rde8 23. Nf6+ Kf8 24. Nxe8 Rxe8 25. Bf6 Bxf6 26. Qxf6+ Kg8
27. Rh1 a5 28. Rh8# {rajah checkmated} 1-0

[Event "ICS Rated blitz match"]
[Site "207.99.83.227"]
[Date "1999.03.28"]
[Round "?"]
[White "claudi"]
[Black "Hossa"]
[Result "0-1"]
[WhiteElo "2437"]
[BlackElo "2579"]
[PlyCount "78"]

1. d4 Nf6 2. Nf3 e6 3. Bf4 Bb4+ 4. c3 Be7 5. Nbd2 Nh5 6. Be3 f5 7. g3 Na6 8.
Qc2 O-O 9. O-O-O b5 10. Kb1 Bb7 11. Rg1 b4 12. c4 f4 13. gxf4 Nxf4 14. h4 Bxh4
15. Rg4 Bxf3 16. Nxf3 Bxf2 17. Bxf4 h5 18. Rg2 Rxf4 19. Rxf2 Qf6 20. Bg2 Qf5
21. Qxf5 Rxf5 22. Rff1 b3 23. axb3 Rb8 24. Ne5 Rg5 25. Nxd7 Rxg2 26. Nxb8 Nxb8
27. Rd2 Na6 28. Kc2 Nb4+ 29. Kc3 a5 30. c5 Nd5+ 31. Kd3 Rg3+ 32. Kc4 Ne3+ 33.
Kb5 Nxf1 34. Rd1 Rxb3+ 35. Kc6 Ng3 36. Kxc7 Nxe2 37. c6 Rxb2 38. Kd7 Nc3 39.
Re1 39... Rd2 {claudi resigns} 0-1

[Event "ICS Rated blitz match"]
[Site "207.99.83.227"]
[Date "1999.03.28"]
[Round "?"]
[White "Hossa"]
[Black "claudi"]
[Result "0-1"]
[WhiteElo "2589"]
[BlackElo "2427"]
[Annotator "Crafty v16.6"]
[PlyCount "136"]

{annotating for player Hossa using a scoring margin of +0.10 pawns. search
time limit is 12.00} 1. e4 1... c5 2. Bc4 Nc6 3. Nf3 e6 4. O-O a6 5. d4 cxd4 6.
Nxd4 Qc7 7. Be3 ({7:+0.44} 7. Be3 7... Bd6 8. f4 Na5 9. Be2 Nc4 10. Qc1 Nxe3
11. Qxe3 $14) ({7:+0.91} 7. Nxc6 7... Qxc6 8. Qd3 Nf6 9. Nd2 b5 10. Bb3 10...
Bc5 $16) 7... Nf6 8. Nd2 b5 9. Bd3 Bb7 10. a4 b4 11. Nxc6 Bxc6 12. Bg5 ({
8:-0.24} 12. Bg5 12... Qe5 13. Bxf6 gxf6 14. Nc4 Qd4 15. Qe2 Bc5 16. Qh5 $10) (
{8:+0.16} 12. Qe2 12... Bd6 13. f4 e5 14. Bxa6 O-O 15. fxe5 Bxe5 16. Bc5 16...
Bxh2+ $10) 12... Be7 13. Qe2 a5 14. e5 Nd5 15. Bxe7 Nxe7 16. Nc4 O-O 17. Nd6
Nc8 18. Nb5 Bxb5 19. axb5 g6 20. Rfd1 Nb6 21. Rd2 a4 22. Qe4 Qc5 23. Rad1 a3
24. bxa3 bxa3 25. c4 Ra7 26. Ra2 Ra4 27. Rdd2 ({9:-0.05} 27. Rdd2 27... Rc8 28.
Rdc2 Nxc4 29. b6 Qb5 30. b7 Qb1+ 31. Bf1 Rb8 32. Qd4 $10) ({9:+0.21} 27. Rc1
27... Rc8 28. Rac2 Rb4 29. Ra1 Rb3 30. Raa2 Rb1+ 31. Bf1 31... Rd1 $10) 27...
Rfa8 28. Rdc2 ({8:+0.00} 28. Rdc2 28... Rb4 29. Re2 Qc8 30. Rec2 30... Qc5 $10)
({8:+0.17} 28. Rd1 $10) 28... R8a7 29. Qh4 ({9:+0.00} 29. Qh4 29... Ra8 30. Qe4
$10) ({9:+0.37} 29. Qe3 29... Rc7 30. Qg5 Qf8 31. Qd2 Qc5 32. Qc3 Rc8 33. Rc1
$14) 29... Ra8 30. Qg3 ({10:-0.27} 30. Qg3 30... Rc8 31. Qe3 Qxe3 32. fxe3 Rc5
33. Rc3 Rxe5 34. e4 Rc5 35. Rcxa3 Rxa3 36. Rxa3 Nxc4 37. Bxc4 37... Rxc4 $10) (
{10:+0.00} 30. Qe4 $10) 30... Rb4 31. Bf1 Rb1 32. Qd3 ({9:-0.66} 32. Qd3 32...
Ra4 33. Re2 Rc1 34. Rec2 Re1 35. Re2 Rxe2 36. Bxe2 36... Qxe5 $15) ({9:-0.01} 
32. Qe3 32... Qb4 33. Qc3 Ra4 34. Qd3 Qc5 35. Qe4 Rbb4 36. Qe3 36... Qxe3 $10)
32... Ra7 33. Rc3 ({9:-0.51} 33. Rc3 33... Rb2 34. Raxa3 Qxf2+ 35. Kh1 Rxa3 36.
Rxa3 Rc2 37. Qf3 Qe1 38. Re3 38... Qd2 $15) ({9:+0.05} 33. Qd6 33... Rc7 34.
Qxc5 Rxc5 35. Rxa3 Rxe5 36. Re3 Rc5 37. Rec3 37... Kg7 $10) 33... Qxe5 34.
Rcxa3 ({9:+0.35} 34. Rcxa3 34... Rxa3 35. Qxb1 Rxa2 36. Qxa2 Qd4 37. Qe2 d5 38.
cxd5 exd5 39. Qe7 $14) ({9:+0.64} 34. c5 34... Nd5 35. b6 Rb7 36. Rcxa3 Qe1 37.
Ra8+ Kg7 38. R2a7 38... Nf4 $14) 34... Rxa3 35. Qxb1 Rxa2 36. Qxa2 Qc5 37. Qd2
Kg7 38. Qe3 Qxe3 39. fxe3 d6 40. h4 Kf6 41. Kh2 ({12:+0.70} 41. Kh2 41... Kf5
42. Kg3 Ke4 43. Kf2 h5 44. Be2 f6 45. g3 f5 46. Bf3+ Kd3 47. Be2+ 47... Ke4 $14
) ({12:+0.92} 41. Kf2 41... Ke5 42. Bd3 h6 43. g3 f5 44. Kf3 44... h5 $16)
41... h6 42. g3 Ke5 43. Bd3 Na4 44. Kg2 Nc5 45. Bb1 ({10:+0.82} 45. Bb1 45...
d5 46. Ba2 Ke4 47. cxd5 exd5 48. b6 h5 49. Kh3 f6 50. Kh2 $16) ({10:+1.16} 45.
b6 45... g5 46. Kf3 f5 47. Bf1 d5 48. cxd5 Kxd5 49. Bb5 Ke5 50. hxg5 hxg5 51.
Bc6 $16) 45... g5 46. b6 f5 47. Kf3 g4+ 48. Kg2 d5 49. Ba2 d4 50. Bb3 Ke4 51.
Bd1 dxe3 52. Kf1 Kd3 53. Be2+ Kd2 54. b7 Nxb7 55. c5 Nxc5 56. Bc4 e5 57. Be2 h5
58. Bc4 f4 59. Kg1 f3 60. Kh2 e2 61. Bxe2 Kxe2 62. Kh1 f2 63. Kg2 f1=Q+ 64. Kh2
Qf2+ 65. Kh1 Qf3+ 66. Kh2 Ne4 67. Kg1 Qxg3+ 68. Kh1 Nf2# 0-1

[Event "ICS rated blitz match"]
[Site "207.99.83.227"]
[Date "1999.03.28"]
[Round "?"]
[White "claudi"]
[Black "Hossa"]
[Result "1-0"]
[WhiteElo "2450"]
[BlackElo "2566"]
[Annotator "Crafty v16.6"]
[PlyCount "64"]

{annotating for player Hossa using a scoring margin of +0.10 pawns. search
time limit is 12.00} 1. d4 1... Nf6 2. Nf3 e6 3. Bf4 Bb4+ 4. c3 Be7 5. Nbd2 Nc6
({9:+0.04} 5... Nc6 6. e4 Nh5 7. Be3 O-O 8. Ne5 Nf6 9. Nxc6 dxc6 10. Bc4 $10) (
{9:+0.21} 5... Nh5 6. Be3 O-O 7. Ne4 Nc6 8. d5 Na5 9. d6 cxd6 10. Nxd6 $10) 6.
e4 O-O 7. Bd3 d6 8. Qe2 e5 9. dxe5 Nh5 10. Be3 Nxe5 11. Nxe5 dxe5 12. g3 Nf6
13. Bc4 Bg4 ({9:+0.05} 13... Bg4 14. f3 Bd7 15. O-O-O Qe8 16. Kb1 Ba4 17. Nb3
17... Rd8 $10) ({9:+0.22} 13... Qe8 14. O-O-O Bd7 15. f3 Ba4 16. Bb3 Rd8 17.
Kb1 17... Qc6 $10) 14. f3 Bd7 15. O-O-O Qc8 ({9:-0.11} 15... Qc8 16. Kb1 Qe8
17. Bb3 Bc6 18. Nc4 Nxe4 19. Nxe5 19... Bb5 $10) ({9:+0.02} 15... c6 16. Bb3 b5
17. Bg5 Qc7 18. Kb1 Rad8 19. Qe3 19... a5 $10) 16. h4 Rd8 ({9:-0.24} 16... Rd8
17. h5 Ba4 18. b3 Bc6 19. h6 b5 20. Bxb5 Ba3+ 21. Kb1 Bxb5 22. Qxb5 $10) ({
9:-0.12} 16... Ba4 17. Bb3 Qe8 18. Bxa4 Qxa4 19. Qc4 Qa5 20. Kb1 Rad8 21. Bg5
$10) 17. h5 Ba4 18. Bxf7+ Kxf7 19. Qc4+ Nd5 20. exd5 b5 21. Qe4 Bxd1 22. Qxh7
Be2 23. Qg6+ Kg8 24. h6 Bf6 ({7:-6.80} 24... Bf6 25. Ne4 Kf8 26. hxg7+ Bxg7 27.
Rh8+ Bxh8 28. Bc5+ Rd6 29. Nxd6 Qd7 30. Nxb5+ Qd6 31. Nxd6 31... Bxf3 $18) ({
7:-0.49} 24... Bf8 25. h7+ Kh8 26. Qf7 Be7 27. Qxe7 Rxd5 28. Re1 Bd3 29. Qf7
$14) 25. Ne4 Kf8 ({7:-Mat05} 25... Kf8 26. hxg7+ Bxg7 27. Ng5 Qf5 28. Qxf5+ Ke7
29. Qf7+ Kd6 30. Ne4# $18) ({7:-8.38} 25... Qa6 26. hxg7 Bxg7 27. Qxa6 Re8 28.
Qg6 Rf8 29. Qh7+ Kf7 30. Qf5+ Kg8 31. Qe6+ Rf7 32. Ng5 $18) 26. Bc5+ Rd6 27.
Nxf6 Qd7 28. h7 Qf7 29. h8=Q+ Ke7 30. Bxd6+ cxd6 31. Qhh7 Bd3 32. Qxf7+ Kxf7
1-0

[Event "ICS rated blitz match"]
[Site "207.99.83.227"]
[Date "1999.03.28"]
[Round "?"]
[White "Hossa"]
[Black "claudi"]
[Result "0-1"]
[WhiteElo "2545"]
[BlackElo "2467"]
[Annotator "Crafty v16.6"]
[PlyCount "136"]

{annotating for player Hossa using a scoring margin of +0.10 pawns. search
time limit is 12.00} 1. e4 1... c5 2. Bc4 Nc6 3. a3 ({8:-0.28} 3. a3 3... Nf6
4. Nc3 Na5 5. Be2 e5 6. Nf3 6... Bd6 $10) ({8:+0.03} 3. Nf3 3... e5 4. Nc3 d6
5. Nb5 Bg4 6. h3 6... Na5 $10) 3... e6 4. Nc3 Nge7 5. Nf3 a6 6. O-O b5 7. Ba2 (
{8:+0.35} 7. Ba2 7... Ng6 8. d4 Nh4 9. dxc5 Bxc5 10. b4 Nxf3+ 11. Qxf3 Nd4 12.
Qd3 $14) ({8:+0.48} 7. Be2 7... Nd4 8. Nxd4 cxd4 9. Na2 Bb7 10. Bf3 Nc6 11. Bh5
$14) 7... Ng6 8. d4 c4 9. d5 Na5 10. dxe6 ({8:+0.68} 10. dxe6 10... fxe6 11.
Ng5 b4 12. Qf3 Qf6 13. axb4 Bxb4 14. Bd2 Qxf3 15. Nxf3 $14) ({8:+0.84} 10. Qd4
10... Qc7 11. dxe6 fxe6 12. Bg5 Qd6 13. Rad1 Qxd4 14. Nxd4 14... Bc5 $16) 10...
dxe6 11. Qxd8+ Kxd8 12. Bd2 Nc6 13. Rad1 ({9:+0.59} 13. Rad1 13... Ke8 14. Be3
Be7 15. Bb6 Kf8 16. Bc7 Kg8 17. Nd4 Nxd4 18. Rxd4 $14) ({9:+0.79} 13. a4 13...
Rb8 14. axb5 axb5 15. Rfd1 Ke8 16. Be3 b4 17. Ne2 b3 18. cxb3 18... cxb3 $16)
13... Kc7 14. a4 Rb8 15. axb5 axb5 16. b3 ({8:+0.66} 16. b3 16... b4 17. Na4 c3
18. Be3 Ba6 19. Rfe1 19... Rd8 $14) ({8:+0.81} 16. Be3 16... f6 17. Bb1 Be7 18.
Rfe1 Rd8 19. Ba2 Rxd1 20. Rxd1 $16) 16... b4 17. Na4 c3 18. Be3 f6 19. Nd4 Nxd4
20. Bxd4 ({9:+0.24} 20. Bxd4 20... e5 21. Ba7 Rb7 22. Bc5 Bg4 23. f3 Bxc5+ 24.
Nxc5 Ra7 25. Bb1 $10) ({9:+0.54} 20. Rxd4 20... Rb7 21. Rfd1 Kb8 22. Bb1 Ne5
23. Bf4 g5 24. Be3 $14) 20... Ba6 21. Rfe1 Kc6 22. e5 ({9:+0.20} 22. e5 22...
fxe5 23. Bxe5 Nxe5 24. Rxe5 Re8 25. Rde1 Bb5 26. h4 Bd6 27. Rxe6 Rxe6 28. Rxe6
$10) ({9:+0.31} 22. Be3 22... Bb5 23. Ra1 Ra8 24. f3 Be7 25. Nb6 Ra6 26. Nc4
Bxc4 27. bxc4 $14) 22... f5 23. Ra1 ({9:-0.39} 23. Ra1 23... Rd8 24. Be3 f4 25.
Bc1 Rd5 26. f3 Rxe5 27. Rxe5 Nxe5 28. Bxf4 $15) ({9:+0.00} 23. f3 23... Rd8 24.
g3 Kb7 25. Kf2 Be7 26. Kg1 26... Bf8 $10) 23... Bb5 24. Rab1 ({9:-0.74} 24.
Rab1 24... Nf4 25. Kh1 Ne2 26. Ba7 Ra8 27. Bb6 Bxa4 28. Rxe2 Kxb6 29. bxa4 $17)
({9:-0.06} 24. g3 24... Rd8 25. Rad1 Kb7 26. Bb1 f4 27. g4 f3 28. Re4 $10)
24... Be7 25. f3 ({9:-0.77} 25. f3 25... Rbd8 26. Red1 Nf4 27. Be3 Rxd1+ 28.
Rxd1 Ne2+ 29. Kf2 f4 30. Bb6 Bh4+ 31. Kf1 $17) ({9:-0.44} 25. Rbd1 25... Ra8
26. Re3 Nf4 27. Kh1 g5 28. Rf3 Bxa4 29. bxa4 29... Rxa4 $15) 25... Rhd8 26. Ba7
({9:-1.23} 26. Ba7 26... Ra8 27. Be3 Bh4 28. g3 Nxe5 29. Kg2 Bf6 30. Bb6 $17) (
{9:-0.91} 26. Be3 26... Bh4 27. g3 Nxe5 28. Kg2 Bf6 29. Bf4 Rd5 30. Kh1 $17)
26... Rb7 27. Be3 f4 28. Bf2 Rd2 29. Ra1 Nf8 30. Red1 ({8:-1.52} 30. Red1 30...
Rxd1+ 31. Rxd1 Rd7 32. Re1 Rd2 33. Bb1 Be2 34. Bb6 34... Bh4 $19) ({8:-1.12} 
30. g3 30... Bxa4 31. bxa4 Rxc2 32. Bb1 fxg3 33. hxg3 Rd2 34. Be4+ Rd5 35.
Bxd5+ 35... exd5 $17) 30... Rxd1+ 31. Rxd1 g5 32. Re1 Ng6 33. Bb1 Rd7 34. Nb6
Rd2 35. Nc8 Bc5 36. Bxc5 Kxc5 37. Nd6 Bc6 38. Nc4 Rd4 39. h3 ({11:-2.58} 39. h3
39... Bd5 40. Nd6 Rd2 41. Rf1 Nxe5 42. Ne8 Bc6 43. Nf6 h6 44. Re1 $19) ({
11:-1.81} 39. Ba2 39... Bd5 40. Kf1 h5 41. Nd6 Rd2 42. Bb1 Nxe5 43. Rxe5 Kxd6
44. Rxg5 $19) 39... h6 40. Kh2 ({12:-2.85} 40. Kh2 40... Bd5 41. Kg1 Bxc4 42.
bxc4 Rd2 43. Kf1 Nh4 44. Re2 Rd1+ 45. Re1 Rxe1+ 46. Kxe1 Nxg2+ 47. Kf2 Ne3 48.
Kg1 $19) ({12:-2.09} 40. Ba2 40... Bd5 41. Kf1 Nh4 42. Kf2 Bxc4 43. bxc4 Rd2+
44. Re2 Rxe2+ 45. Kxe2 Nxg2 46. Bb3 Kd4 47. Kf2 47... Ne3 $19) 40... Bd5 41.
Kg1 Bxc4 42. bxc4 Rd2 43. Kf1 ({12:-4.10} 43. Kf1 43... Nh4 44. Re2 Rd1+ 45.
Re1 Rxe1+ 46. Kxe1 Nxg2+ 47. Ke2 Ne3 48. Kd3 Nxc4 49. Ba2 Nxe5+ 50. Ke4 Kd6 51.
Bb3 $19) ({12:-3.35} 43. Kh1 43... Nh4 44. Rg1 Kxc4 45. Ba2+ Kd4 46. Rb1 Rxc2
47. Rxb4+ Kxe5 48. Re4+ Kd6 49. Rxe6+ Kd7 50. Bd5 Rxg2 51. Rxh6 $19) 43... Ne7
44. Re2 Rxe2 45. Kxe2 Nc6 46. Ke1 Nxe5 47. Ba2 Nxc4 48. Bb3 e5 49. Ke2 Kd4 50.
Ke1 Ne3 51. Kf2 Nc4 52. Ke1 Nd2 53. Ke2 Nxb3 54. cxb3 e4 55. fxe4 Kxe4 56. Kd1
Kd3 57. Kc1 h5 58. h4 g4 59. Kd1 f3 60. Ke1 fxg2 61. Kf2 c2 62. Kxg2 c1=Q 63.
Kh2 Qf4+ 64. Kg2 Qf3+ 65. Kg1 Qe2 66. Kh1 g3 67. Kg1 Qf2+ 68. Kh1 Qh2# 0-1

[Event "ICS rated blitz match"]
[Site "207.99.83.227"]
[Date "1999.03.28"]
[Round "?"]
[White "Hossa"]
[Black "Kirlian"]
[Result "0-1"]
[WhiteElo "2525"]
[BlackElo "2539"]
[Annotator "Crafty v16.6"]
[PlyCount "105"]

{annotating for player Hossa using a scoring margin of +0.10 pawns. search
time limit is 12.00} 1. e4 1... g6 2. Be2 Bg7 3. Nc3 e5 4. Nf3 Nc6 5. O-O d6 6.
Ne1 ({9:-0.21} 6. Ne1 6... Nd4 7. Bc4 Nf6 8. Ne2 Be6 9. Bd3 O-O 10. Nxd4 10...
exd4 $10) ({9:+0.34} 6. d3 6... Nge7 7. Bg5 O-O 8. Qd2 a6 9. Bh6 Bxh6 10. Qxh6
10... Bg4 $14) 6... Nge7 7. f4 ({9:-0.39} 7. f4 7... exf4 8. Rxf4 O-O 9. Rb1
Nd4 10. Bc4 c5 11. Nd5 Nxd5 12. Bxd5 $15) ({9:-0.09} 7. Nf3 7... O-O 8. Re1 Nd4
9. Nxd4 exd4 10. Nd5 c6 11. Nf4 11... Bd7 $10) 7... exf4 8. Rxf4 O-O 9. Rb1 d5
10. exd5 Nxd5 11. Nxd5 Qxd5 12. b3 Bf5 13. Bd3 Bxd3 14. Nxd3 Rfe8 15. Bb2 Bxb2
16. Rxb2 Rad8 17. Qf1 ({9:-0.76} 17. Qf1 17... Nd4 18. Rf2 Re4 19. c3 Nf5 20.
Nf4 Qe5 21. d4 $17) ({9:-0.54} 17. Qf3 17... Qa5 18. Qf2 Qa3 19. Ra4 Qd6 20.
Rf4 Ne5 21. Nxe5 21... Qxe5 $15) 17... Nd4 18. Rf2 Nxc2 19. Rxc2 Qxd3 20. Rxc7
f5 21. Rxb7 ({10:+0.74} 21. Rxb7 21... Qd4 22. Rc7 Rd5 23. g3 Re4 24. Rc4 Qe5
25. Rc8+ Kg7 26. d3 $16) ({10:+1.34} 21. Qxd3 21... Rxd3 22. Rxb7 a5 23. Ra7
Rd5 24. Kf1 Re4 25. Rc7 Rd3 26. Re2 $16) 21... Qd4 22. Rc7 Re6 23. Kh1 ({
9:+0.61} 23. Kh1 23... Rde8 24. Rc1 a5 25. Kg1 Re2 26. Rc8 Kf7 27. Rxe8 27...
Rxe8 $14) ({9:+1.02} 23. Qc4 23... Qxc4 24. bxc4 Ra6 25. d3 Rxd3 26. Re2 Rd8
27. Kf2 27... Rd1 $16) 23... Rde8 24. Rc1 Qb2 25. d3 Qxc1 26. Qxc1 Re1+ 27. Rf1
Rxc1 28. Rxc1 Re2 29. a4 Rb2 30. h4 Rxb3 31. Rc8+ Kg7 32. Rc7+ Kh6 33. Rxa7 Rb4
34. Kg1 Rxh4 35. Kf2 Kg5 36. a5 h5 37. a6 ({10:+0.07} 37. a6 37... Ra4 38. Ra8
Kf4 39. a7 h4 40. Rh8 Ra2+ 41. Kf1 Ra1+ 42. Ke2 Ra2+ 43. Ke1 Rxa7 44. Rxh4+
44... Ke3 $10) ({10:+0.32} 37. Rc7 37... Ra4 38. Rc5 Ra2+ 39. Kg3 h4+ 40. Kf3
h3 41. gxh3 Kh4 42. Rc6 Rxa5 43. Rxg6 43... Kxh3 $14) 37... Ra4 38. Ra8 Kf4 39.
a7 Ra2+ 40. Kf1 g5 41. Ke1 ({11:-0.60} 41. Ke1 41... g4 42. d4 Kg3 43. Re8 Rxa7
44. Re2 Rd7 45. Rd2 Rd5 46. Kd1 $15) ({11:+0.00} 41. d4 41... h4 42. d5 Ra1+
43. Kf2 g4 44. d6 g3+ 45. Ke2 Ra2+ 46. Ke1 $10) 41... g4 42. Kf1 h4 43. d4 Kg3
44. Re8 ({11:-3.64} 44. Re8 44... Rxa7 45. Re1 f4 46. Kg1 Ra2 47. Kh1 Rxg2 48.
Rg1 f3 49. Rxg2+ fxg2+ 50. Kg1 Kf4 51. Kxg2 $19) ({11:-1.95} 44. d5 44... Ra1+
45. Ke2 Kxg2 46. d6 Ra6 47. Rh8 Rxa7 48. Rxh4 Rd7 49. Rh5 f4 50. Rf5 $19) 44...
Rxa7 45. Re3+ ({11:-6.37} 45. Re3+ 45... Kh2 46. d5 g3 47. d6 h3 48. Rxg3 Kxg3
49. gxh3 Kxh3 50. Ke2 Rd7 51. Ke3 51... Rxd6 $19) ({11:-5.73} 45. Re1 45... Ra2
46. Re3+ Kh2 47. d5 g3 48. d6 h3 49. Rxg3 hxg2+ 50. Rxg2+ Rxg2 51. Ke1 51... f4
$19) 45... Kh2 46. d5 g3 47. d6 h3 48. gxh3 g2+ 49. Ke2 g1=Q 50. Re8 Ra3 51.
Kd2 Qd4+ 52. Kc2 Ra2+ 53. Kb3 0-1

[Event "ICS rated blitz match"]
[Site "207.99.83.227"]
[Date "1999.03.28"]
[Round "?"]
[White "BachChoy"]
[Black "Hossa"]
[Result "0-1"]
[WhiteElo "1156"]
[BlackElo "2484"]
[PlyCount "42"]

1. Na3 Nc6 2. c4 e5 3. Nb5 Nf6 4. d4 Nxd4 5. Nxd4 Bb4+ 6. Bd2 Bxd2+ 7. Qxd2
exd4 8. Nh3 d5 9. Qg5 Bxh3 10. a3 Bd7 11. cxd5 O-O 12. f3 Ba4 13. Qf4 Qxd5 14.
Kf2 c5 15. e3 Qb3 16. Be2 Nd5 17. Qd6 Qxe3+ 18. Kf1 d3 19. Bd1 Bxd1 20. Qxd5
Qe2+ 21. Kg1 21... Qe1# {BachChoy checkmated} 0-1

[Event "ICS rated blitz match"]
[Site "207.99.83.227"]
[Date "1999.03.28"]
[Round "?"]
[White "masked-man"]
[Black "Hossa"]
[Result "1/2-1/2"]
[WhiteElo "2188"]
[BlackElo "2484"]
[PlyCount "86"]

1. d4 Nf6 2. Nf3 e6 3. e3 Be7 4. Bd3 O-O 5. O-O d5 6. b3 Nc6 7. Bb2 b6 8. a3
Bd6 9. Nbd2 Bb7 10. Qe2 Qe7 11. c4 Na5 12. Ne5 Rad8 13. b4 dxc4 14. Ndxc4 Nb3
15. Rab1 b5 16. Nd2 Nxd2 17. Qxd2 Be4 18. Bxe4 Nxe4 19. Qd3 Nxf2 20. Qxb5 Bxe5
21. Rxf2 Bf6 22. Rbf1 Qd6 23. Qh5 Qd5 24. Qg4 Qg5 25. Qxg5 Bxg5 26. Re2 Be7 27.
Rc1 Bd6 28. Rc6 f6 29. Ra6 Ra8 30. g3 e5 31. d5 f5 32. Kg2 f4 33. exf4 exf4 34.
gxf4 Rxf4 35. Be5 Bxe5 36. Rxe5 Rf7 37. Ree6 Raf8 38. Rxa7 Rf2+ 39. Kg3 R8f3+
40. Kg4 Rf4+ 41. Kg3 R4f3+ 42. Kg4 Rf4+ 43. Kg3 43... R4f3+ {
Game drawn by repetition} 1/2-1/2

[Event "ICS rated blitz match"]
[Site "207.99.83.227"]
[Date "1999.03.28"]
[Round "?"]
[White "Hossa"]
[Black "Fallen-Star"]
[Result "1-0"]
[WhiteElo "2478"]
[BlackElo "2340"]
[PlyCount "27"]

1. e4 Nf6 2. e5 Nd5 3. Nc3 e6 4. Nxd5 exd5 5. Qf3 c6 6. Qg3 d6 7. d4 Bf5 8. Bg5
Qa5+ 9. Bd2 Qb6 10. O-O-O dxe5 11. Qxe5+ Be6 12. Nf3 Nd7 13. Qe1 O-O-O 14. Ba5
{Fallen-Star resigns} 1-0

[Event "ICS rated blitz match"]
[Site "207.99.83.227"]
[Date "1999.03.28"]
[Round "?"]
[White "Hossa"]
[Black "masked-man"]
[Result "1-0"]
[WhiteElo "2488"]
[BlackElo "2216"]
[PlyCount "90"]

1. e4 d6 2. d4 g6 3. Nf3 Bg7 4. Bc4 e6 5. O-O b6 6. Nc3 Bb7 7. Bg5 Ne7 8. Bxe7
Qxe7 9. e5 d5 10. Bb5+ Nd7 11. Qd3 O-O 12. Bxd7 Qxd7 13. Kh1 a5 14. Rg1 c5 15.
Qe3 Rac8 16. Rad1 cxd4 17. Nxd4 Rc4 18. Rgf1 Rb4 19. a3 Rc4 20. Nf3 b5 21. Nd4
b4 22. axb4 axb4 23. Nb1 Rfc8 24. Nd2 R4c5 25. N2b3 Rc4 26. Na5 R4c5 27. Ra1
Qc7 28. Nab3 Rc4 29. Ra7 Qb6 30. Rfa1 Rb8 31. h4 Qc7 32. Na5 Rc5 33. Nxb7 Rxb7
34. Ra8+ Rb8 35. Nxe6 fxe6 36. Rxb8+ Qxb8 37. Qxc5 Bxe5 38. Qc6 Kf7 39. Ra8 Qd6
40. Ra7+ Kf6 41. Qxd6 Bxd6 42. Rxh7 b3 43. c3 Bf4 44. Rb7 Ke5 45. Rxb3 45...
Ke4 {masked-man resigns} 1-0

[Event "ICS rated blitz match"]
[Site "207.99.83.227"]
[Date "1999.03.28"]
[Round "?"]
[White "masked-man"]
[Black "Hossa"]
[Result "1-0"]
[WhiteElo "2213"]
[BlackElo "2492"]
[Annotator "Crafty v16.6"]
[PlyCount "145"]

{annotating for player Hossa using a scoring margin of +0.10 pawns. search
time limit is 12.00} 1. Nf3 1... Nf6 2. b3 d5 3. Bb2 Bg4 4. e3 Bxf3 ({8:-0.55} 
4... Bxf3 5. Qxf3 Nc6 6. Bb5 Qd6 7. O-O O-O-O 8. Qf5+ e6 9. Qd3 $14) ({8:-0.24
} 4... Nc6 5. Bb5 Qd6 6. Ba3 Qd7 7. O-O O-O-O 8. Nc3 $10) 5. Qxf3 Nbd7 ({
8:-1.11} 5... Nbd7 6. Bb5 c6 7. Be2 e5 8. O-O Bc5 9. Qf5 $16) ({8:-0.70} 5...
Nc6 6. Bb5 Qd6 7. O-O O-O-O 8. c4 Nb4 9. cxd5 9... Nbxd5 $14) 6. c4 e6 7. cxd5
Nxd5 8. Nc3 N7b6 ({8:-0.81} 8... N7b6 9. Be2 Nb4 10. Qe4 a6 11. a3 Nc6 12. Rc1
$16) ({8:-0.29} 8... Nb4 9. Qd1 Nf6 10. d4 Nbd5 11. Rc1 Nxc3 12. Bxc3 12... Bd6
$10) 9. Nxd5 Qxd5 10. Qxd5 Nxd5 11. Bc4 Nb6 12. Rc1 O-O-O ({9:-0.30} 12...
O-O-O 13. Be2 f6 14. Rc2 Nd5 15. a3 Bd6 16. O-O 16... Kb8 $10) ({9:-0.19} 12...
Nxc4 13. Rxc4 O-O-O 14. Ke2 f6 15. Rhc1 Bd6 16. Ra4 a6 17. Re4 $10) 13. Ke2
Nxc4 14. Rxc4 Rg8 15. Rhc1 Bd6 16. f4 Kd7 ({9:-0.50} 16... Kd7 17. e4 c5 18.
Be5 Rc8 19. Bxd6 Kxd6 20. b4 b6 21. R1c3 $14) ({9:-0.36} 16... f6 17. Bd4 Kd7
18. a4 a6 19. R1c3 Rgf8 20. a5 20... Rfe8 $14) 17. Be5 Bxe5 ({8:-0.52} 17...
Bxe5 18. fxe5 c6 19. Ra4 a6 20. Rd4+ Kc7 21. Rf4 f6 22. Rc5 $14) ({8:-0.34} 
17... c6 18. Bxd6 Kxd6 19. Rd4+ Kc7 20. Ra4 a6 21. Rc5 b6 22. Re5 $14) 18. fxe5
c6 19. Ra4 a6 20. Rb4 Kc7 21. Rf4 f6 22. exf6 gxf6 23. g3 f5 24. Rh4 Rd7 25. e4
fxe4 26. Rxe4 Rgd8 27. Rc2 Rd6 28. Rh4 R8d7 29. Rh6 Kb6 30. Rh5 a5 ({11:-0.28} 
30... a5 31. Re5 Rf7 32. a4 Rf6 33. Rc4 Rd5 34. Rce4 Rxe5 35. Rxe5 c5 36. h3
$10) ({11:-0.02} 30... Rd5 31. Rxd5 exd5 32. d4 Re7+ 33. Kd3 Rf7 34. Re2 Rf3+
35. Kd2 h5 36. b4 Ra3 37. Ke1 $10) 31. g4 Rd4 32. h3 c5 ({10:-0.17} 32... c5
33. Re5 R7d6 34. a4 R4d5 35. Re3 Kc6 36. d3 Kd7 37. Rc4 $10) ({10:+0.00} 32...
Re4+ 33. Kf3 Re1 34. d4 Rf7+ 35. Kg2 Rd1 36. Rh6 a4 37. Rf2 Rd7 38. Kf3 axb3
39. axb3 $10) 33. Rhxc5 Rxd2+ 34. Rxd2 Rxd2+ 35. Kxd2 Kxc5 36. Kc3 e5 ({
12:+0.19} 36... e5 37. h4 Kd5 38. h5 Ke4 39. g5 Kf5 40. g6 hxg6 41. h6 41...
Kf6 $10) ({12:+0.39} 36... Kd5 37. Kd3 e5 38. Ke3 e4 39. a3 b5 40. g5 Ke5 41.
b4 41... a4 $15) 37. h4 Kd5 38. Kd3 b5 39. g5 a4 ({13:-1.23} 39... a4 40. b4
e4+ 41. Ke3 Ke5 42. h5 a3 43. g6 hxg6 44. h6 Kf6 45. Kxe4 g5 46. h7 46... Kg7
$16) ({13:-0.52} 39... e4+ 40. Ke3 Ke5 41. b4 axb4 42. h5 Kf5 43. g6 hxg6 44.
h6 Kf6 45. Kxe4 g5 46. h7 46... Kg7 $14) 40. Ke3 Kd6 ({14:-2.11} 40... Kd6 41.
b4 Kd5 42. h5 Ke6 43. Ke4 a3 44. h6 Kf7 45. Kxe5 $18) ({14:-1.11} 40... e4 41.
h5 axb3 42. axb3 Ke5 43. g6 hxg6 44. hxg6 Kf6 45. Kxe4 Kxg6 46. Kd4 b4 47. Kc5
Kf6 48. Kxb4 $16) 41. Ke4 axb3 42. axb3 Ke6 43. h5 b4 44. g6 h6 ({18:-9.54} 
44... h6 45. Kd3 Ke7 46. Kc4 Ke6 47. Kxb4 e4 48. Kc3 Kf6 49. Kd2 e3+ 50. Kxe3
Kg7 51. b4 Kf6 52. b5 Ke6 53. g7 Kf7 54. b6 54... Kxg7 $18) ({18:-7.15} 44...
hxg6 45. hxg6 Kf6 46. g7 Kxg7 47. Kxe5 Kf7 48. Kd5 Kf6 49. Kc4 Ke6 50. Kxb4 Kd5
51. Kb5 Kd4 52. b4 Kd5 53. Ka6 Kd4 54. b5 $18) 45. g7 Kf7 46. Kxe5 Kxg7 47. Ke6
Kf8 48. Kf6 Ke8 49. Ke6 Kf8 50. Kf6 Ke8 51. Kg6 Ke7 52. Kxh6 Kf6 53. Kh7 Kf7
54. h6 Kf8 55. Kg6 Kg8 56. Kf6 Kh7 57. Ke6 Kg6 58. Kd6 Kxh6 59. Kc5 Kh7 60.
Kxb4 Kh8 61. Kc5 Kg8 62. b4 Kh8 63. b5 Kg8 64. b6 Kh8 65. b7 Kg8 66. b8=Q+ Kh7
67. Kd6 Kg7 68. Ke6 Kh7 69. Qf8 Kg6 70. Qf6+ Kh5 71. Qg7 Kh4 72. Kf5 Kh5 73.
Qg5# 1-0

[Event "ICS rated blitz match"]
[Site "207.99.83.227"]
[Date "1999.03.28"]
[Round "?"]
[White "masked-man"]
[Black "Hossa"]
[Result "1/2-1/2"]
[WhiteElo "2278"]
[BlackElo "2472"]
[PlyCount "138"]

1. g3 e5 2. Bg2 Nc6 3. d3 Nf6 4. c4 Bb4+ 5. Bd2 O-O 6. Nc3 d6 7. Nf3 Bg4 8. O-O
Ba5 9. Nd5 Bxd2 10. Qxd2 Nxd5 11. cxd5 Bxf3 12. Bxf3 Nd4 13. Bg2 Rc8 14. e3 Nf5
15. Bh3 Qg5 16. Bxf5 Qxf5 17. e4 Qf3 18. Qe3 Qxe3 19. fxe3 c6 20. Rac1 cxd5 21.
exd5 a5 22. Kf2 h5 23. Ke2 f6 24. Rc4 b5 25. Rc6 Rfd8 26. Rfc1 Rb8 27. Rc7 Kh7
28. Ra7 Ra8 29. Rb7 Rdb8 30. Rcc7 Rxb7 31. Rxb7 Rc8 32. Kd2 Rc5 33. e4 f5 34.
Rd7 fxe4 35. dxe4 Rc4 36. Kd3 Rb4 37. b3 a4 38. bxa4 Rxa4 39. Rxd6 Ra3+ 40. Ke2
Rxa2+ 41. Kf3 Ra3+ 42. Ke2 Ra2+ 43. Kf3 Ra3+ 44. Ke2 b4 45. Rb6 Ra2+ 46. Kf3
Rxh2 47. Rxb4 h4 48. gxh4 Rxh4 49. d6 Rf4+ 50. Ke3 Rf7 51. Rb5 Rd7 52. Rxe5
Rxd6 53. Rd5 Re6 54. e5 g6 55. Kf4 Kh6 56. Rd6 Re8 57. e6 Kh5 58. Ke5 g5 59.
Rd7 Rf8 60. e7 Re8 61. Kf6 g4 62. Kf7 Rxe7+ 63. Kxe7 Kg5 64. Ke6 Kf4 65. Rd4+
Kf3 66. Kf5 g3 67. Rf4+ Ke3 68. Rg4 Kf3 69. Rxg3+ 69... Kxg3 {
Game drawn because neither player has mating material} 1/2-1/2